Tuyên ngôn của Đảng Cộng sản

में बचाया:
ग्रंथसूची विवरण
मुख्य लेखक: Marx, Karl
स्वरूप: पुस्तक
भाषा:Undetermined
प्रकाशित: Hà Nội Sự thật 1975
विषय:
टैग : टैग जोड़ें
कोई टैग नहीं, इस रिकॉर्ड को टैग करने वाले पहले व्यक्ति बनें!
Thư viện lưu trữ: Trung tâm Học liệu Trường Đại học Cần Thơ
LEADER 00501nam a2200181Ia 4500
001 CTU_4490
008 210402s9999 xx 000 0 und d
082 |a 335.43 
082 |b M392 
100 |a Marx, Karl 
245 0 |a Tuyên ngôn của Đảng Cộng sản 
245 0 |c Các Mác 
260 |a Hà Nội 
260 |b Sự thật 
260 |c 1975 
650 |a communism 
904 |i Nguyễn Quang Điền, 960625 
980 |a Trung tâm Học liệu Trường Đại học Cần Thơ